Four Biggest Cities in Each U.S. State on the Map - Statistics

General Stats
  • This quiz has been taken 1,838 times
    1,434 since last reset
  • The average score is 127 of 200
Answers on the Map
Answers color-coded by a green-red scale on the quiz's map according to % correct below.
 
Answer Stats
State Population City % Correct
California 3,985,520 Los Angeles
96%
Florida 483,395 Miami
94%
Maine 65,645 Portland
94%
Oregon 666,453 Portland
94%
California 884,108 San Francisco
94%
Washington 787,995 Seattle
94%
Texas 1,348,890 Dallas
93%
Texas 2,325,350 Houston
93%
Mississippi 151,196 Jackson
93%
California 1,429,650 San Diego
93%
Georgia 532,695 Atlanta
92%
Texas 1,028,220 Austin
92%
Illinois 2,571,640 Chicago
92%
Colorado 760,049 Denver
92%
Hawaii 339,421 Honolulu
92%
Florida 938,717 Jacksonville
92%
Nevada 675,592 Las Vegas
92%
New York 8,177,020 New York City
92%
Arizona 1,759,940 Phoenix
92%
Kansas 152,945 Kansas City
91%
Missouri 505,272 Kansas City
91%
Louisiana 387,564 New Orleans
91%
Idaho 230,510 Boise
90%
Michigan 661,193 Detroit
90%
Oklahoma 676,492 Oklahoma City
90%
Florida 292,059 Orlando
90%
Utah 200,963 Salt Lake City
90%
Texas 1,598,960 San Antonio
90%
Alaska 280,437 Anchorage
89%
Indiana 892,656 Indianapolis
89%
Minnesota 443,715 Minneapolis
89%
Tennessee 682,262 Nashville
89%
Pennsylvania 1,585,450 Philadelphia
89%
Florida 407,104 Tampa
89%
Massachusetts 669,959 Boston
88%
Georgia 200,569 Columbus
88%
Ohio 921,605 Columbus
88%
New Mexico 563,165 Albuquerque
87%
New York 253,793 Buffalo
87%
North Carolina 925,290 Charlotte
87%
Tennessee 650,980 Memphis
87%
Pennsylvania 299,434 Pittsburgh
87%
California 1,003,120 San Jose
87%
Maryland 566,631 Baltimore
86%
Louisiana 214,374 Baton Rouge
86%
Ohio 374,394 Cleveland
86%
Alaska 31,785 Juneau
86%
Wisconsin 586,503 Milwaukee
86%
Ohio 308,929 Cincinnati
85%
Missouri 292,047 St. Louis
85%
Iowa 208,996 Des Moines
84%
Arkansas 196,796 Little Rock
84%
Alabama 206,121 Birmingham
83%
Alabama 197,403 Montgomery
83%
Nebraska 480,817 Omaha
83%
Nevada 271,966 Reno
83%
Wyoming 65,435 Cheyenne
82%
Colorado 495,183 Colorado Springs
82%
Kentucky 615,067 Louisville
82%
North Carolina 488,384 Raleigh
82%
Minnesota 311,504 St. Paul
82%
Arizona 557,718 Tucson
82%
South Carolina 141,931 Charleston
81%
West Virginia 44,628 Charleston
81%
Rhode Island 170,972 Providence
80%
Nebraska 295,618 Lincoln
79%
Virginia 234,081 Richmond
79%
Oregon 179,522 Salem
79%
New Mexico 86,099 Santa Fe
79%
Oklahoma 403,518 Tulsa
79%
Georgia 200,477 Augusta
78%
Virginia 450,349 Virginia Beach
78%
North Dakota 74,429 Bismarck
77%
Missouri 125,181 Columbia
77%
South Carolina 128,386 Columbia
77%
Wisconsin 265,158 Madison
77%
Delaware 33,371 Newark
77%
New Jersey 282,788 Newark
77%
Massachusetts 151,437 Springfield
77%
Missouri 168,911 Springfield
77%
Alaska 29,330 Fairbanks
76%
Connecticut 120,752 Hartford
76%
Kansas 392,059 Wichita
76%
North Dakota 126,375 Fargo
75%
Alabama 185,453 Mobile
75%
Minnesota 124,599 Rochester
74%
New York 204,768 Rochester
74%
South Dakota 193,978 Sioux Falls
74%
Montana 109,976 Billings
73%
Delaware 38,640 Dover
72%
New Hampshire 33,598 Dover
72%
Washington 230,328 Spokane
72%
Ohio 266,524 Toledo
72%
Michigan 203,644 Grand Rapids
71%
New Jersey 256,747 Jersey City
71%
Arizona 548,213 Mesa
71%
Tennessee 188,326 Knoxville
70%
Kentucky 325,330 Lexington
70%
Wisconsin 103,183 Green Bay
68%
Colorado 393,440 Aurora
67%
Illinois 193,431 Aurora
67%
Connecticut 131,021 New Haven
66%
Nevada 271,849 North Las Vegas
66%
Utah 116,582 Provo
66%
New Hampshire 44,215 Concord
65%
Oregon 178,385 Eugene
65%
North Carolina 303,286 Greensboro
65%
New Hampshire 113,216 Manchester
65%
Washington 222,975 Tacoma
64%
Alabama 207,921 Huntsville
63%
Vermont 43,185 Burlington
62%
Tennessee 185,442 Chattanooga
62%
Virginia 240,213 Norfolk
62%
Delaware 69,293 Wilmington
62%
Minnesota 84,904 Duluth
61%
North Carolina 292,301 Durham
61%
Indiana 279,228 Fort Wayne
61%
Louisiana 180,368 Shreveport
61%
Pennsylvania 93,138 Erie
60%
Nevada 352,202 Henderson
60%
Connecticut 143,280 Bridgeport
59%
Iowa 134,621 Cedar Rapids
59%
Washington 189,191 Vancouver
58%
Arkansas 90,515 Fayetteville
56%
Iowa 83,464 Sioux City
56%
Idaho 65,483 Idaho Falls
55%
Massachusetts 185,047 Worcester
55%
New York 201,831 Yonkers
55%
Wyoming 59,179 Casper
54%
Hawaii 45,056 Hilo
54%
Maine 32,403 Bangor
53%
Colorado 176,000 Fort Collins
53%
Montana 77,418 Missoula
53%
Louisiana 125,267 Lafayette
52%
New Mexico 105,292 Las Cruces
52%
Georgia 153,927 Macon
51%
Pennsylvania 121,157 Allentown
50%
Virginia 252,263 Chesapeake
50%
Arizona 273,102 Chandler
49%
Montana 54,013 Bozeman
48%
Massachusetts 121,255 Cambridge
46%
Iowa 100,606 Davenport
46%
South Dakota 81,502 Rapid City
46%
Mississippi 71,507 Gulfport
45%
Indiana 117,736 Evansville
44%
Oklahoma 127,988 Norman
44%
Kansas 203,804 Overland Park
44%
Connecticut 129,134 Stamford
44%
Mississippi 46,680 Biloxi
43%
Montana 57,483 Great Falls
43%
North Dakota 53,445 Grand Forks
41%
Illinois 146,186 Joliet
41%
Wyoming 33,008 Laramie
40%
Idaho 108,469 Nampa
40%
Illinois 149,526 Naperville
40%
Kentucky 76,273 Bowling Green
39%
Oklahoma 113,588 Broken Arrow
39%
Arkansas 88,404 Fort Smith
39%
Wisconsin 100,052 Kenosha
39%
Hawaii 45,605 Pearl City
39%
South Carolina 122,297 North Charleston
38%
Utah 133,046 West Valley City
38%
Hawaii 47,540 East Honolulu
37%
New Jersey 131,067 Elizabeth
37%
West Virginia 43,166 Huntington
37%
New Hampshire 90,807 Nashua
36%
New Jersey 144,150 Paterson
36%
Idaho 137,522 Meridian
35%
West Virginia 29,955 Morgantown
35%
Kansas 142,906 Olathe
34%
New Mexico 102,766 Rio Rancho
34%
Utah 119,090 West Jordan
34%
Vermont 19,887 South Burlington
33%
North Dakota 47,163 Minot
32%
Rhode Island 81,118 Warwick
32%
Michigan 132,644 Warren
31%
Alaska 11,924 Wasilla
31%
Nebraska 53,694 Bellevue
30%
Maryland 73,141 Frederick
30%
Maine 36,501 Lewiston
30%
Wyoming 31,952 Gillette
29%
Rhode Island 72,549 Pawtucket
29%
South Dakota 27,660 Aberdeen
28%
Michigan 131,577 Sterling Heights
28%
Nebraska 51,411 Grand Island
27%
Arkansas 81,874 Jonesboro
27%
Kentucky 61,289 Owensboro
27%
Maine 25,280 South Portland
26%
Rhode Island 81,819 Cranston
25%
Indiana 106,843 Carmel
24%
Vermont 10,771 Essex Junction
22%
Oregon 111,909 Hillsboro
22%
West Virginia 28,265 Parkersburg
22%
Vermont 14,387 Rutland
22%
Mississippi 58,183 Southaven
22%
South Carolina 97,129 Mount Pleasant
21%
South Dakota 24,442 Brookings
18%
Maryland 67,730 Gaithersburg
18%
Maryland 68,232 Rockville
18%
Delaware 24,526 Middletown
16%
No matching quizzes found
Score Distribution
Percent of People with Each Score
Percentile by Number Answered
Your Score History
You have not taken this quiz since the last reset